[Event "Novi Sad Spens"]
[Site "Novi Sad"]
[Date "2025.07.03"]
[Round "2"]
[White "Leskovac, Nikola"]
[Black "Averin, Nikolay"]
[Result "0-1"]
[WhiteElo "2039"]
[BlackElo "2228"]
[PlyCount "126"]
[EventDate "2025.07.03"]
[EventType "tourn"]
[EventRounds "9"]
[EventCountry "SRB"]
[SourceTitle "CB28_2025"]
[SourceDate "2025.07.09"]
[SourceVersion "1"]
[SourceVersionDate "2025.07.09"]
[SourceQuality "1"]

1. e4 Nf6 2. e5 Nd5 3. d4 d6 4. Nf3 g6 5. Be2 Bg7 6. 0-0 0-0 7. exd6 cxd6 8. h3 Nc6 9. c4 Nb6 10. Nc3 Bf5 11. Be3 d5 12. cxd5 Nxd5 13. Qd2 Rc8 14. Bh6 Nxc3 15. bxc3 Na5 16. Bxg7 Kxg7 17. d5 Qd6 18. Qd4+ Qf6 19. Qxa7 b6 20. Nd4 Be4 21. Bf3 Bxf3 22. Nxf3 Qd6 23. Rab1 Nc4 24. Rfe1 Rc7 25. Qa6 Qxd5 26. Rb5 Ra8 27. Rxd5 Rxa6 28. Re2 Ra3 29. Rd3 Nd6 30. Nd4 Kf8 31. Nb3 Rca7 32. Nc1 Rc7 33. Nb3 Ra4 34. Nd4 b5 35. Rb2 Ra5 36. g3 Rca7 37. Rb3 Rxa2 38. Nxb5 Rb7 39. c4 Nxc4 40. Kg2 h5 41. h4 Ne5 42. Rd8+ Kg7 43. Nd4 Rc7 44. Re3 Ng4 45. Rf3 e5 46. Nb5 Rcc2 47. Nd6 Rxf2+ 48. Rxf2 Rxf2+ 49. Kg1 Rf3 50. Kg2 Ra3 51. Ne8+ Kf8 52. Rb8 Ne3+ 53. Kf2 Nf5 54. Nd6+ Kg7 55. Ne4 Ra2+ 56. Kf3 Ra7 57. Rd8 Nd4+ 58. Kg2 Ra2+ 59. Kf1 Nf5 60. Rd7 Ne3+ 61. Kg1 Ra1+ 62. Kf2 Ng4+ 63. Kg2 Nf6 0-1

[Event "RUS-chT2"]
[Site "Sochi"]
[Date "2025.05.05"]
[Round "9.3"]
[White "Postnikov, Artem"]
[Black "Averin, Nikolay"]
[Result "1-0"]
[WhiteElo "2199"]
[BlackElo "2243"]
[PlyCount "89"]
[EventDate "2025.04.26"]
[EventType "team-swiss"]
[EventRounds "9"]
[EventCountry "RUS"]
[SourceTitle "CB19_2025"]
[SourceDate "2025.05.07"]
[SourceVersion "1"]
[SourceVersionDate "2025.05.07"]
[SourceQuality "1"]
[WhiteTeam "Sutormina Center"]
[BlackTeam "Moscow Botvinnik School"]
[WhiteTeamCountry "RUS"]
[BlackTeamCountry "RUS"]

1. e4 c5 2. Nf3 d6 3. d4 cxd4 4. Nxd4 Nf6 5. Nc3 a6 6. Be3 e5 7. Nb3 Be7 8. f3 Be6 9. Qd2 h5 10. Nd5 Nxd5 11. exd5 Bf5 12. Be2 a5 13. a4 0-0 14. 0-0 Nd7 15. Kh1 Bg6 16. c3 h4 17. Bd3 Bxd3 18. Qxd3 Re8 19. Nd2 Bg5 20. Bxg5 Qxg5 21. Ne4 Qe7 22. Qb5 f5 23. Nd2 Nf6 24. Rae1 Nh5 25. f4 e4 26. Kg1 Qf6 27. Nc4 Re7 28. Qb6 Ra6 29. Qf2 g6 30. Ne3 Rg7 31. g4 hxg3 32. hxg3 Qf7 33. c4 Nf6 34. Qd2 Nd7 35. g4 Nc5 36. Re2 Kf8 37. Rg2 Rg8 38. gxf5 gxf5 39. Rff2 Nd3 40. Rxg8+ Qxg8+ 41. Rg2 Qh8 42. Nxf5 Qf6 43. Ng7 Qd4+ 44. Kh2 Kf7 45. Qd1 1-0

[Event "Wch U14 blitz"]
[Site "Terme Catez"]
[Date "2024.12.16"]
[Round "16"]
[White "Averin, Nikolay"]
[Black "Dau, Khuong Duy"]
[Result "1-0"]
[WhiteElo "2509"]
[BlackElo "2363"]
[PlyCount "109"]
[EventDate "2024.12.16"]
[EventType "swiss (blitz)"]
[EventRounds "22"]
[EventCountry "SLO"]
[SourceTitle "CB51_2024"]
[SourceDate "2024.12.18"]
[SourceVersion "1"]
[SourceVersionDate "2024.12.18"]
[SourceQuality "1"]

1. e4 c5 2. Nf3 g6 3. d4 cxd4 4. Nxd4 Nc6 5. c4 Nf6 6. Nc3 d6 7. f3 Bg7 8. Be3 0-0 9. Qd2 Nxd4 10. Bxd4 Bd7 11. Be2 Bc6 12. b4 a5 13. b5 Be8 14. 0-0 Nd7 15. Bf2 Nc5 16. Rac1 Bd7 17. Rfd1 Be6 18. Bf1 Rc8 19. Qe3 Qc7 20. f4 Rfe8 21. Qf3 Qd7 22. h3 b6 23. g4 Qb7 24. f5 Bd7 25. Bg2 Be5 26. Nd5 e6 27. fxe6 Rxe6 28. Rf1 Rf8 29. g5 Ree8 30. Nf6+ Kg7 31. Nxe8+ Bxe8 32. Bg3 Qc7 33. h4 Ne6 34. Bxe5+ dxe5 35. Qf6+ Kg8 36. Kh1 Nf4 37. c5 Bxb5 38. cxb6 Qb8 39. Rf3 Ne6 40. h5 Be2 41. hxg6 Bxf3 42. gxh7+ Kxh7 43. Bxf3 Qd8 44. Qh6+ Kg8 45. b7 Qd2 46. Rg1 Qf4 47. Qh5 Ng7 48. Qg4 Qe3 49. Bg2 Qb6 50. Qc8 Ne6 51. Bh3 Nf4 52. Bf5 Kg7 53. g6 Rh8+ 54. Qxh8+ Kxh8 55. g7+ 1-0

[Event "Wch U14 blitz"]
[Site "Terme Catez"]
[Date "2024.12.16"]
[Round "7"]
[White "Averin, Nikolay"]
[Black "Katsanis, Vasileios Dimitrios"]
[Result "1-0"]
[WhiteElo "2509"]
[BlackElo "2208"]
[PlyCount "132"]
[EventDate "2024.12.16"]
[EventType "swiss (blitz)"]
[EventRounds "22"]
[EventCountry "SLO"]
[SourceTitle "CB51_2024"]
[SourceDate "2024.12.18"]
[SourceVersion "1"]
[SourceVersionDate "2024.12.18"]
[SourceQuality "1"]

1. e4 c6 2. f3 d5 3. d4 dxe4 4. fxe4 e5 5. Nf3 Bg4 6. Bc4 Nd7 7. 0-0 Ngf6 8. c3 Bd6 9. Bg5 0-0 10. Nbd2 Qc7 11. Qc2 Rae8 12. Rae1 b5 13. Bd3 a6 14. Kh1 c5 15. dxe5 Nxe5 16. Bxf6 gxf6 17. Be2 Ng6 18. a4 Bd7 19. axb5 axb5 20. Nb3 Bc6 21. Nbd2 Re7 22. c4 b4 23. Bd3 Rfe8 24. Ra1 Qb7 25. Ra5 Ra8 26. Rfa1 Ree8 27. Nb3 Qb6 28. Rxa8 Rxa8 29. Rxa8+ Bxa8 30. Qd1 Qc7 31. Bc2 Bc6 32. Nbd2 Kg7 33. Nf1 Bf4 34. Qd3 Ne5 35. Qe2 Qd6 36. g3 Bh6 37. Nh4 Bd7 38. b3 Bg5 39. Ng2 Bg4 40. Qf2 Bf3 41. Kg1 Bg4 42. Nge3 Be6 43. h4 Bh6 44. Nd5 Ng4 45. Qf3 Qe5 46. Kg2 Qd4 47. Qe2 Qe5 48. Qf3 Qd4 49. Qe2 Bd7 50. Nf4 Qe5 51. Nd3 Qd4 52. Nf4 Qe5 53. Nd3 Qd4 54. Nf4 Qe5 55. Nd3 Qd4 56. Nf4 Qe5 57. Nd3 Qd4 58. Nf4 Qe5 59. Nd3 Qd4 60. Nf4 Qe5 61. Nd3 Qd4 62. Nf2 Ne5 63. Qd1 Bc6 64. Qxd4 cxd4 65. Kh3 Be3 66. Ng4 Kf8 1-0

[Event "Wch U14 blitz"]
[Site "Terme Catez"]
[Date "2024.12.16"]
[Round "9"]
[White "Averin, Nikolay"]
[Black "Khazhatuly, Alikhan"]
[Result "1-0"]
[WhiteElo "2509"]
[BlackElo "1938"]
[PlyCount "87"]
[EventDate "2024.12.16"]
[EventType "swiss (blitz)"]
[EventRounds "22"]
[EventCountry "SLO"]
[SourceTitle "CB51_2024"]
[SourceDate "2024.12.18"]
[SourceVersion "1"]
[SourceVersionDate "2024.12.18"]
[SourceQuality "1"]

1. e4 c5 2. Nf3 e6 3. d4 cxd4 4. Nxd4 a6 5. Nc3 Qc7 6. Be3 Bb4 7. Bd2 Nf6 8. Bd3 Nc6 9. Nb3 0-0 10. a3 Be7 11. 0-0 b5 12. f4 d6 13. Qe1 Bb7 14. Kh1 Rac8 15. Qg3 Rfd8 16. Rae1 Nd7 17. h4 Nc5 18. h5 Nxd3 19. cxd3 Bf6 20. f5 Qe7 21. h6 g6 22. Qh3 Ne5 23. fxe6 fxe6 24. Nd4 Re8 25. Rf2 Rc5 26. Ref1 Nd7 27. Qe3 Rh5+ 28. Kg1 Bg5 29. Qe2 Bxd2 30. Qxd2 e5 31. Nf3 Nf8 32. d4 Ne6 33. dxe5 dxe5 34. Nd5 Bxd5 35. exd5 Nf4 36. d6 Qd7 37. Nxe5 Nh3+ 38. gxh3 Rhxe5 39. Qd3 Rd8 40. Qb3+ Qe6 41. Qf3 Rg5+ 42. Kh1 Rf5 43. Qb7 Rxf2 44. Qg7# 1-0

[Event "Wch U14 blitz"]
[Site "Terme Catez"]
[Date "2024.12.16"]
[Round "20"]
[White "Averin, Nikolay"]
[Black "Korchynskyi, Mykola"]
[Result "1-0"]
[WhiteElo "2509"]
[BlackElo "2389"]
[PlyCount "65"]
[EventDate "2024.12.16"]
[EventType "swiss (blitz)"]
[EventRounds "22"]
[EventCountry "SLO"]
[SourceTitle "CB51_2024"]
[SourceDate "2024.12.18"]
[SourceVersion "1"]
[SourceVersionDate "2024.12.18"]
[SourceQuality "1"]

1. e4 e6 2. d4 d5 3. e5 c5 4. c3 Nc6 5. Nf3 Qb6 6. a3 c4 7. Nbd2 Na5 8. Rb1 Bd7 9. Be2 Ne7 10. Nf1 0-0-0 11. Bg5 h6 12. Bh4 g5 13. Bg3 Bg7 14. Ne3 Nf5 15. 0-0 Rdg8 16. h3 Qd8 17. b4 cxb3 18. Nd2 Ba4 19. Bd3 Qd7 20. Bh2 h5 21. Nxf5 exf5 22. c4 f4 23. cxd5 Kb8 24. d6 Bc6 25. Nxb3 Nxb3 26. Qxb3 f3 27. d5 Ba4 28. Qb4 Ka8 29. Bf5 Qb5 30. Qxb5 Bxb5 31. Rxb5 fxg2 32. Rc1 Re8 33. d7 1-0

[Event "Wch U14 blitz"]
[Site "Terme Catez"]
[Date "2024.12.16"]
[Round "1"]
[White "Averin, Nikolay"]
[Black "Mihokovic, Borna"]
[Result "1-0"]
[WhiteElo "2509"]
[BlackElo "1813"]
[PlyCount "77"]
[EventDate "2024.12.16"]
[EventType "swiss (blitz)"]
[EventRounds "22"]
[EventCountry "SLO"]
[SourceTitle "CB51_2024"]
[SourceDate "2024.12.18"]
[SourceVersion "1"]
[SourceVersionDate "2024.12.18"]
[SourceQuality "1"]

1. e4 e5 2. Nf3 Nf6 3. Nc3 Nc6 4. Bb5 Nd4 5. 0-0 Nxb5 6. Nxb5 c6 7. Nc3 Qc7 8. d4 d6 9. h3 Be7 10. Re1 0-0 11. Be3 h6 12. Qd2 Be6 13. a3 Rad8 14. Rad1 exd4 15. Nxd4 Bc4 16. Bf4 Qd7 17. Nf5 d5 18. Nxe7+ Qxe7 19. exd5 Qd7 20. d6 Nd5 21. Bh2 Nxc3 22. Qxc3 Bd5 23. Qd4 a6 24. c4 Be6 25. b4 Rfe8 26. Re3 Bf5 27. c5 Re6 28. Rf3 Bg6 29. Be5 f6 30. Bf4 Rde8 31. Rg3 Kh7 32. Be3 Re4 33. Qc3 R8e5 34. Kh2 Re8 35. Rd4 Bf7 36. Qd3 f5 37. Rxe4 fxe4 38. Qd4 Qf5 39. Qxg7# 1-0

[Event "Wch U14 blitz"]
[Site "Terme Catez"]
[Date "2024.12.16"]
[Round "12"]
[White "Haug, Havard"]
[Black "Averin, Nikolay"]
[Result "0-1"]
[WhiteElo "2421"]
[BlackElo "2509"]
[PlyCount "92"]
[EventDate "2024.12.16"]
[EventType "swiss (blitz)"]
[EventRounds "22"]
[EventCountry "SLO"]
[SourceTitle "CB51_2024"]
[SourceDate "2024.12.18"]
[SourceVersion "1"]
[SourceVersionDate "2024.12.18"]
[SourceQuality "1"]

1. d4 Nf6 2. Bg5 d5 3. Bxf6 gxf6 4. e3 e6 5. Nf3 c5 6. dxc5 Bxc5 7. Be2 Nc6 8. 0-0 f5 9. c4 dxc4 10. Qc2 Qf6 11. Bxc4 Bb6 12. Nc3 Bd7 13. Rad1 0-0-0 14. a3 Kb8 15. b4 Bc8 16. Na4 Bc7 17. Nc5 h5 18. Bb5 Ne5 19. Nd4 h4 20. Rc1 Bd6 21. f4 Ng4 22. Na6+ bxa6 23. Nc6+ Ka8 24. Nxd8 Rxd8 25. Bc6+ Kb8 26. Bf3 e5 27. Qc3 e4 28. Qxf6 Nxf6 29. Be2 Bc7 30. Rfd1 Rxd1+ 31. Rxd1 a5 32. Bc4 axb4 33. axb4 Be6 34. Bxe6 fxe6 35. Kf2 Nd5 36. g3 hxg3+ 37. hxg3 Bb6 38. Rh1 Nxe3 39. Ke2 Kc7 40. Kd2 Nd5 41. b5 Kd6 42. Rh6 Bf2 43. Rg6 e3+ 44. Kd3 Nc3 45. Rh6 e2 46. Rh1 e1Q 0-1

[Event "Wch U14 blitz"]
[Site "Terme Catez"]
[Date "2024.12.16"]
[Round "2"]
[White "Mihokovic, Borna"]
[Black "Averin, Nikolay"]
[Result "0-1"]
[WhiteElo "1813"]
[BlackElo "2509"]
[PlyCount "52"]
[EventDate "2024.12.16"]
[EventType "swiss (blitz)"]
[EventRounds "22"]
[EventCountry "SLO"]
[SourceTitle "CB51_2024"]
[SourceDate "2024.12.18"]
[SourceVersion "1"]
[SourceVersionDate "2024.12.18"]
[SourceQuality "1"]

1. d4 Nf6 2. Nc3 d5 3. Bf4 c5 4. e3 cxd4 5. exd4 a6 6. Nf3 Bg4 7. Be2 Nc6 8. 0-0 Bxf3 9. Bxf3 e6 10. Ne2 Bd6 11. c3 Qc7 12. Bg3 h5 13. Bxd6 Qxd6 14. Qd2 0-0-0 15. Rfc1 Kb8 16. b4 Ne7 17. a4 Nc8 18. b5 a5 19. c4 dxc4 20. Rxc4 e5 21. Rac1 e4 22. Bxe4 Nxe4 23. Qxa5 Rh6 24. f3 Ng5 25. Rc5 Rg6 26. Kf2 b6 0-1

[Event "Wch U14 rapid"]
[Site "Terme Catez"]
[Date "2024.12.15"]
[Round "8"]
[White "Averin, Nikolay"]
[Black "Ordiz Fernandez, Roque"]
[Result "1-0"]
[WhiteElo "2301"]
[BlackElo "2105"]
[PlyCount "109"]
[EventDate "2024.12.14"]
[EventType "swiss (rapid)"]
[EventRounds "11"]
[EventCountry "SLO"]
[SourceTitle "CB51_2024"]
[SourceDate "2024.12.18"]
[SourceVersion "1"]
[SourceVersionDate "2024.12.18"]
[SourceQuality "1"]

1. e4 c5 2. Nf3 d6 3. d4 cxd4 4. Nxd4 Nf6 5. Nc3 a6 6. Be3 e5 7. Nb3 Be6 8. Be2 Be7 9. 0-0 Nbd7 10. Qd2 0-0 11. a4 Qc7 12. a5 Rac8 13. Rfd1 Rfd8 14. Qe1 h6 15. Nc1 Nh7 16. Nd3 Bg5 17. Bf3 Bxe3 18. Qxe3 Ng5 19. Be2 Nf6 20. Nb4 Qc5 21. Qxc5 dxc5 22. Nbd5 Bxd5 23. exd5 Nge4 24. Nxe4 Nxe4 25. c4 Kf8 26. Ra3 Nd6 27. Rb3 g6 28. h4 Rc7 29. h5 g5 30. g4 Ke7 31. Rb6 f6 32. Bd3 Kf7 33. f3 Nc8 34. Rb3 Nd6 35. Kf2 Re7 36. Re1 Rc7 37. Ke3 Ke7 38. Rb6 Kf7 39. Bg6+ Kg7 40. Kd3 Nc8 41. Re6 Re7 42. Bf5 Rxe6 43. Bxe6 Ne7 44. Kc3 b6 45. axb6 Rb8 46. Ra1 Rxb6 47. Ra5 f5 48. gxf5 Kf6 49. Rxc5 e4 50. fxe4 g4 51. Rc7 Rxe6 52. fxe6 g3 53. e5+ Kxe5 54. Rxe7 Kf6 55. Rf7+ 1-0

[Event "Wch U14 rapid"]
[Site "Terme Catez"]
[Date "2024.12.14"]
[Round "1"]
[White "Konopatskyi, Aleksandr"]
[Black "Averin, Nikolay"]
[Result "0-1"]
[WhiteElo "1791"]
[BlackElo "2301"]
[PlyCount "54"]
[EventDate "2024.12.14"]
[EventType "swiss (rapid)"]
[EventRounds "11"]
[EventCountry "SLO"]
[SourceTitle "CB51_2024"]
[SourceDate "2024.12.18"]
[SourceVersion "1"]
[SourceVersionDate "2024.12.18"]
[SourceQuality "1"]

1. e4 c5 2. Nf3 d6 3. d4 cxd4 4. Nxd4 Nf6 5. Nc3 a6 6. h3 e5 7. Nf3 Nbd7 8. g4 Nc5 9. Bc4 Be6 10. Bxe6 fxe6 11. Qe2 Qc7 12. g5 Nfd7 13. Be3 Be7 14. h4 b5 15. a3 0-0 16. h5 Nb6 17. g6 h6 18. Nh2 Nc4 19. Ng4 Nxe3 20. fxe3 Qc6 21. 0-0-0 Rac8 22. Qg2 a5 23. Nxh6+ gxh6 24. g7 Rf7 25. Rdf1 Rxg7 26. Qh3 b4 27. Rhg1 bxc3 0-1

[Event "Wch U14 rapid"]
[Site "Terme Catez"]
[Date "2024.12.14"]
[Round "3"]
[White "Nguyen, Vuong Tung Lam"]
[Black "Averin, Nikolay"]
[Result "0-1"]
[WhiteElo "2101"]
[BlackElo "2301"]
[PlyCount "58"]
[EventDate "2024.12.14"]
[EventType "swiss (rapid)"]
[EventRounds "11"]
[EventCountry "SLO"]
[SourceTitle "CB51_2024"]
[SourceDate "2024.12.18"]
[SourceVersion "1"]
[SourceVersionDate "2024.12.18"]
[SourceQuality "1"]

1. d4 Nf6 2. Nf3 d5 3. g3 Bf5 4. Bg2 e6 5. c4 c6 6. Nc3 Nbd7 7. Nh4 dxc4 8. Nxf5 exf5 9. 0-0 Nb6 10. e3 g6 11. Qc2 Bd6 12. Re1 0-0 13. Nb1 h5 14. Nd2 h4 15. Nxc4 Nxc4 16. Qxc4 Ng4 17. b3 a5 18. a3 hxg3 19. hxg3 Qf6 20. Bb2 Qh8 21. Qe2 Rae8 22. Qf3 Re4 23. Qe2 Re7 24. e4 Rfe8 25. e5 Bc7 26. f3 Rxe5 27. Qd2 Qh2+ 28. Kf1 Ne3+ 29. Rxe3 Rxe3 0-1

[Event "Leninskiy Dokhoian Memorial Rapid"]
[Site "Leninskiy"]
[Date "2024.11.16"]
[Round "4"]
[White "Iljiushenok, Ilia"]
[Black "Averin, Nikolay"]
[Result "1-0"]
[WhiteElo "2524"]
[BlackElo "2222"]
[PlyCount "70"]
[EventDate "2024.11.16"]
[EventType "swiss (rapid)"]
[EventRounds "11"]
[EventCountry "RUS"]
[SourceTitle "CB47_2024"]
[SourceDate "2024.11.20"]
[SourceVersion "1"]
[SourceVersionDate "2024.11.20"]
[SourceQuality "1"]

1. c4 e6 2. Nf3 d5 3. e3 Nf6 4. Nc3 Be7 5. b3 0-0 6. Bb2 b6 7. cxd5 exd5 8. g3 c5 9. Bg2 Ba6 10. Ne2 Nc6 11. 0-0 Qd7 12. a3 Rfd8 13. Re1 h6 14. Rc1 Na5 15. Nf4 Bb7 16. d4 Qb5 17. dxc5 bxc5 18. b4 cxb4 19. Nd4 Qe8 20. axb4 Bxb4 21. Re2 Ba6 22. Rec2 Nc4 23. Ba1 Ba3 24. Nf5 Qc6 25. Nxg7 Bxc1 26. Rxc1 Kxg7 27. Nh5+ Kf8 28. Nxf6 Rd6 29. Qh5 Rc8 30. Bxd5 Rxd5 31. Nxd5 Qg6 32. Qh4 Qe6 33. Qd4 Ke8 34. Rd1 Qd6 35. Qh8+ Qf8 1-0

[Event "Khanty-Mansiysk Governor Cup 20th"]
[Site "Khanty-Mansiysk"]
[Date "2024.11.08"]
[Round "4"]
[White "Smirnova, Oksana Andr"]
[Black "Averin, Nikolay"]
[Result "0-1"]
[WhiteElo "1628"]
[BlackElo "2222"]
[PlyCount "50"]
[EventDate "2024.11.05"]
[EventType "swiss"]
[EventRounds "9"]
[EventCountry "RUS"]
[SourceTitle "CB47_2024"]
[SourceDate "2024.11.20"]
[SourceVersion "1"]
[SourceVersionDate "2024.11.20"]
[SourceQuality "1"]

1. d4 Nf6 2. c4 c5 3. d5 e6 4. Nc3 exd5 5. cxd5 d6 6. Bf4 Na6 7. e3 Nc7 8. h3 g6 9. Nf3 Bg7 10. Be2 0-0 11. 0-0 Re8 12. Re1 Bf5 13. Bf1 Ne4 14. g4 Nxc3 15. bxc3 Be4 16. Rc1 Nxd5 17. Bc4 Nxc3 18. Qb3 d5 19. Rxc3 dxc4 20. Rxc4 Bxf3 21. Qc2 Qh4 22. Kh2 Bxg4 23. Rh1 Qxh3+ 24. Kg1 Qf3 25. Rxc5 Rad8 0-1

[Event "Khanty-Mansiysk Governor Cup 20th"]
[Site "Khanty-Mansiysk"]
[Date "2024.11.07"]
[Round "3"]
[White "Averin, Nikolay"]
[Black "Kuznetsova, Polina1"]
[Result "0-1"]
[WhiteElo "2222"]
[BlackElo "2010"]
[PlyCount "70"]
[EventDate "2024.11.05"]
[EventType "swiss"]
[EventRounds "9"]
[EventCountry "RUS"]
[SourceTitle "CB47_2024"]
[SourceDate "2024.11.20"]
[SourceVersion "1"]
[SourceVersionDate "2024.11.20"]
[SourceQuality "1"]

1. e4 e6 2. d4 d5 3. e5 c5 4. c3 Nc6 5. Nf3 Qb6 6. a3 Nh6 7. b4 cxd4 8. cxd4 Nf5 9. Bb2 Bd7 10. g4 Nfe7 11. Nc3 h5 12. Na4 Qd8 13. Nc5 Ng6 14. g5 Bxc5 15. dxc5 Nce7 16. Qd2 Qc7 17. Rc1 a6 18. Bd3 0-0 19. 0-0 Rfd8 20. Rfe1 Nf5 21. Bxf5 exf5 22. e6 fxe6 23. Qd4 Bc8 24. Ne5 Nxe5 25. Rxe5 Qf7 26. c6 bxc6 27. Rxc6 Bd7 28. Rd6 Qe7 29. h4 Rac8 30. Rdxd5 Bc6 31. Rxd8+ Rxd8 32. Rxe6 Rxd4 33. Rxe7 Rd1+ 34. Kh2 f4 35. Rxg7+ Kf8 0-1

[Event "Khanty-Mansiysk Governor Cup 20th"]
[Site "Khanty-Mansiysk"]
[Date "2024.11.06"]
[Round "2"]
[White "Kolbin, Valeri"]
[Black "Averin, Nikolay"]
[Result "0-1"]
[WhiteElo "1605"]
[BlackElo "2222"]
[PlyCount "48"]
[EventDate "2024.11.05"]
[EventType "swiss"]
[EventRounds "9"]
[EventCountry "RUS"]
[SourceTitle "CB47_2024"]
[SourceDate "2024.11.20"]
[SourceVersion "1"]
[SourceVersionDate "2024.11.20"]
[SourceQuality "1"]

1. e4 c5 2. Nc3 Nc6 3. Nge2 d6 4. d4 cxd4 5. Nxd4 Nf6 6. Be3 e5 7. Nb3 Be6 8. Qd2 Be7 9. f3 0-0 10. g4 d5 11. g5 d4 12. gxf6 Bxf6 13. h4 Bxh4+ 14. Rxh4 Qxh4+ 15. Bf2 dxc3 16. Qxc3 Qh2 17. Nc5 Rac8 18. Rd1 Nd4 19. Bxd4 exd4 20. Qxd4 Qh4+ 21. Ke2 Rfd8 22. Qb4 Qh2+ 23. Ke1 Rxd1+ 24. Kxd1 Qg1 0-1

[Event "Moscow Ivi GP"]
[Site "Moscow"]
[Date "2024.10.11"]
[Round "9"]
[White "Averin, Nikolay"]
[Black "Kononenko, Dmitry1"]
[Result "1-0"]
[WhiteElo "2224"]
[BlackElo "2220"]
[PlyCount "121"]
[EventDate "2024.10.05"]
[EventType "swiss"]
[EventRounds "10"]
[EventCountry "RUS"]
[SourceTitle "CB45_2024"]
[Source "ChessBase"]
[SourceDate "2024.11.06"]
[SourceVersion "1"]
[SourceVersionDate "2024.11.06"]
[SourceQuality "1"]

1. e4 c6 2. d4 d5 3. Nd2 dxe4 4. Nxe4 Bf5 5. Ng3 Bg6 6. h4 h6 7. Nf3 Nd7 8. h5 Bh7 9. Bd3 Bxd3 10. Qxd3 e6 11. Bd2 Ngf6 12. 0-0-0 Qc7 13. Ne4 0-0-0 14. c4 c5 15. Nc3 cxd4 16. Nb5 Qb8 17. Qxd4 Bc5 18. Qh4 a6 19. Nbd4 Ne5 20. Bf4 Bd6 21. Nxe5 Bxe5 22. Be3 Qc7 23. Kb1 Rd7 24. Nf3 Rhd8 25. Rc1 Qa5 26. c5 Bc7 27. Bxh6 Rd5 28. Bg5 Rxc5 29. h6 Rxc1+ 30. Rxc1 Qf5+ 31. Ka1 Rh8 32. Qh2 e5 33. Qxe5 Qxe5 34. Nxe5 Ne8 35. Nxf7 Rh7 36. Be3 Kd7 37. hxg7 Rxg7 38. Ng5 Be5 39. Rd1+ Ke7 40. g3 Rg6 41. Bc5+ Kf6 42. f4 Bc7 43. Re1 Ng7 44. Re7 Rh6 45. a4 Bd8 46. Rd7 Nf5 47. Rxd8 Rh1+ 48. Ka2 Nxg3 49. Rf8+ Kg6 50. Ne6 Ne2 51. f5+ Kh7 52. Ng5+ Kg7 53. f6+ Kg6 54. f7 Nc1+ 55. Ka3 Rd1 56. Rg8+ Kh5 57. f8R Rd3+ 58. Kb4 Rb3+ 59. Kc4 b5+ 60. Kd5 Rd3+ 61. Kc6 1-0

[Event "Moscow Ivi GP"]
[Site "Moscow"]
[Date "2024.10.10"]
[Round "8"]
[White "Dimitrova, Aleksandra"]
[Black "Averin, Nikolay"]
[Result "1/2-1/2"]
[WhiteElo "2165"]
[BlackElo "2224"]
[PlyCount "100"]
[EventDate "2024.10.05"]
[EventType "swiss"]
[EventRounds "10"]
[EventCountry "RUS"]
[SourceTitle "CB45_2024"]
[Source "ChessBase"]
[SourceDate "2024.11.06"]
[SourceVersion "1"]
[SourceVersionDate "2024.11.06"]
[SourceQuality "1"]

1. c4 e6 2. g3 d5 3. Nf3 dxc4 4. Qa4+ Nd7 5. Qxc4 a6 6. Bg2 b5 7. Qh4 Bb7 8. Qxd8+ Rxd8 9. 0-0 Ngf6 10. a4 Bc5 11. d3 Ke7 12. Nc3 Rb8 13. Nd2 h5 14. Nb3 Bb6 15. Bxb7 Rxb7 16. axb5 axb5 17. Na5 Bxa5 18. Rxa5 Rhb8 19. Bg5 b4 20. Ne4 Rb5 21. Ra7 R8b7 22. Rfa1 Ke8 23. Rxb7 Rxb7 24. Ra8+ Ke7 25. Ra5 e5 26. Kg2 Ke6 27. Bxf6 gxf6 28. Kh3 f5 29. Nd2 c5 30. Nc4 e4 31. Ra6+ Ke7 32. Kh4 exd3 33. exd3 Nb8 34. Rb6 Rxb6 35. Nxb6 Nc6 36. f4 b3 37. Kxh5 Nb4 38. h4 Nxd3 39. Nc4 Kf6 40. Kh6 Nc1 41. h5 Ne2 42. Nd2 Nxg3 43. Nxb3 Ne2 44. Nxc5 Nxf4 45. b4 Nd5 46. b5 f4 47. Ne4+ Ke5 48. Nd2 Nf6 49. b6 Kd6 50. Kg5 Nxh5 1/2-1/2

[Event "Moscow Ivi GP"]
[Site "Moscow"]
[Date "2024.10.05"]
[Round "2"]
[White "Akhmedov, David"]
[Black "Averin, Nikolay"]
[Result "1/2-1/2"]
[WhiteElo "2361"]
[BlackElo "2224"]
[PlyCount "220"]
[EventDate "2024.10.05"]
[EventType "swiss"]
[EventRounds "10"]
[EventCountry "RUS"]
[SourceTitle "CB45_2024"]
[Source "ChessBase"]
[SourceDate "2024.11.06"]
[SourceVersion "1"]
[SourceVersionDate "2024.11.06"]
[SourceQuality "1"]

1. c4 e6 2. Nf3 d5 3. g3 dxc4 4. Bg2 Nd7 5. Na3 Bxa3 6. bxa3 Ngf6 7. Qc2 0-0 8. Qxc4 c5 9. 0-0 b6 10. d3 Bb7 11. Bb2 Qe7 12. a4 Rfd8 13. Rfc1 Ne8 14. a5 b5 15. Qg4 Rac8 16. Rc2 Ndf6 17. Qh4 Qc7 18. Bc3 h6 19. a4 bxa4 20. Qxa4 Ba6 21. Rac1 Qd7 22. Qa3 Qe7 23. Bb2 Nd7 24. Nd4 Qd6 25. Nb3 Rc7 26. Nxc5 Rxc5 27. Rxc5 Nxc5 28. Qxc5 Qxc5 29. Rxc5 Rb8 30. Bd4 Rb1+ 31. Bf1 Rb4 32. Be3 Ra4 33. Re5 Nf6 34. Bxa7 Nd5 35. f4 Rxa5 36. Bf2 Ra1 37. f5 Bc8 38. fxe6 Bxe6 39. Kg2 Rb1 40. Re4 Nf6 41. Ra4 Bd5+ 42. e4 Bc6 43. Ra2 Nxe4 44. dxe4 Bxe4+ 45. Kg1 Bd3 46. Kg2 Bxf1+ 47. Kf3 Bc4 48. Rd2 Bb5 49. Rc2 Ba4 50. Rc8+ Kh7 51. Bd4 Rd1 52. Be3 Bb3 53. Rc1 Rd6 54. h4 Rf6+ 55. Ke2 Be6 56. Bf4 Bg4+ 57. Kd2 Re6 58. Re1 Ra6 59. Rc1 Bf5 60. Rc7 Ra2+ 61. Ke3 Be6 62. Rb7 Kg6 63. Rb5 Bg4 64. Rb7 Re2+ 65. Kd3 Re8 66. Kd2 Bh5 67. Rb5 Bg4 68. Rb7 Re6 69. Rc7 Rb6 70. Ke3 Rb5 71. Kd4 Rb4+ 72. Rc4 Rb2 73. Rc7 Be6 74. Rc5 Rb3 75. Ra5 Bh3 76. Rc5 Bd7 77. Rc3 Rb4+ 78. Rc4 Rb1 79. Rc1 Rb2 80. Rc5 Be6 81. Kd3 Rb7 82. Ke3 Rd7 83. Ke2 Bd5 84. Rc7 Rd8 85. Ra7 Kf5 86. Ra4 Rd7 87. Kf2 Bc6 88. Rc4 Bd5 89. Rb4 Be6 90. Be3 Rc7 91. Rf4+ Kg6 92. Ra4 Kh5 93. Rd4 Rc6 94. Bd2 Rc2 95. Kf3 Rb2 96. Kf2 Ra2 97. Kf3 Ra3+ 98. Kf2 Rb3 99. Be3 Rb7 100. Bd2 Rc7 101. Be3 Re7 102. Re4 Rd7 103. Rd4 Rb7 104. Bd2 Rb5 105. Be3 f6 106. Bd2 Bf5 107. Be3 Re5 108. Rc4 Re7 109. Rd4 Be4 110. Ra4 Rf7 1/2-1/2

[Event "Wch U20 Rapid"]
[Site "Tashkent"]
[Date "2024.08.02"]
[Round "3"]
[White "Nogerbek, Kazybek"]
[Black "Averin, Nikolay"]
[Result "1-0"]
[WhiteElo "2519"]
[BlackElo "2237"]
[PlyCount "99"]
[EventDate "2024.08.02"]
[EventType "swiss (rapid)"]
[EventRounds "9"]
[EventCountry "UZB"]
[SourceTitle "CBM 221 Extra"]
[Source "ChessBase"]
[SourceDate "2024.09.30"]
[SourceVersion "1"]
[SourceVersionDate "2024.09.30"]
[SourceQuality "1"]

1. d4 Nf6 2. c4 e6 3. Nf3 d5 4. Nc3 Nbd7 5. cxd5 exd5 6. Bf4 c6 7. h3 Be7 8. e3 Nf8 9. Bd3 Ng6 10. Bh2 0-0 11. Qc2 Bd6 12. Bxd6 Qxd6 13. 0-0 Ne7 14. Rab1 g6 15. b4 a6 16. Nh4 Ne8 17. Nf3 Bf5 18. Bxf5 Nxf5 19. a4 Nf6 20. Rfc1 Rfc8 21. Ne5 Qe7 22. Qb3 b5 23. Ra1 Qb7 24. Nd3 Nd6 25. Ra2 Nd7 26. Rca1 Rcb8 27. Ne2 a5 28. axb5 Qxb5 29. Qd1 Nc4 30. Nc3 Qb6 31. Qg4 Nf8 32. Qf4 Ne6 33. Qf6 Ra7 34. bxa5 Rxa5 35. Ne5 Rb7 36. Rxa5 Nxa5 37. Ng4 Kf8 38. Nh6 Rd7 39. Qh8+ Ke7 40. Ng8+ Kd8 41. Nf6+ Ke7 42. Nxd7 Kxd7 43. Qxh7 Ke7 44. Qh4+ g5 45. Qh7 Nc4 46. Qb1 Qc7 47. Ra6 Nd8 48. Qb4+ Ke8 49. Qc5 Qb7 50. Ra7 1-0